| Tag |
First Indicator |
Second Indicator |
Subfields |
| LEADER |
00000cam a22000001a 4500 |
| 001 |
in00003142521 |
| 005 |
20190403174747.0 |
| 006 |
m o d |
| 007 |
cr un mmmapmmp |
| 008 |
080310s1946 dcu o f000 0 eng d |
| 035 |
|
|
|a cis2004222451
|
| 040 |
|
|
|a UMI
|c UMI
|d UtOrBLW
|
| 043 |
|
|
|a n-us---
|
| 099 |
|
|
|a ProQuest Serial Set Number 11014 S.rp.922
|
| 110 |
1 |
|
|a United States.
|b Congress.
|b Senate.
|b Committee on Military Affairs.
|
| 245 |
1 |
0 |
|a Fort Douglas lands.
|
| 246 |
1 |
|
|a Conveying lands within Fort Douglas military reservation to Shriners' Hospitals for Crippled Children
|
| 264 |
|
1 |
|a Washington :
|b [publisher not identified],
|c 1946.
|
| 300 |
|
|
|a 1 online resource.
|
| 336 |
|
|
|a text
|b txt
|2 rdacontent
|
| 337 |
|
|
|a computer
|b c
|2 rdamedia
|
| 338 |
|
|
|a online resource
|b cr
|2 rdacarrier
|
| 490 |
0 |
|
|a S.rp.922
|
| 500 |
|
|
|a Record is based on bibliographic data in ProQuest U.S. Serial Set Digital Collection (last viewed Mar. 2008). Reuse except for individual research requires license from ProQuest, LLC.
|
| 510 |
3 |
|
|a ProQuest U.S. Serial Set Digital Collection
|
| 500 |
|
|
|a Electronic resource.
|
| 650 |
|
0 |
|a Hospitals.
|
| 650 |
|
0 |
|a Military bases.
|
| 650 |
|
0 |
|a Public lands.
|
| 655 |
|
7 |
|a Electronic books.
|2 local
|
| 710 |
2 |
|
|a ProQuest (Firm)
|
| 830 |
|
0 |
|a United States congressional serial set.
|
| 856 |
4 |
0 |
|u http://proxy.library.tamu.edu/login?url=http://congressional.proquest.com/congcomp/getdoc?SERIAL-SET-ID=11014+S.rp.922
|z Connect to the full text of this electronic book
|t 0
|
| 999 |
|
|
|a MARS
|
| 999 |
f |
f |
|s 80f60868-3432-3959-b955-bff3700a859c
|i 02cf7b56-5226-3e91-b18e-0a2043e305de
|t 0
|
| 952 |
f |
f |
|a Texas A&M University
|b College Station
|c Electronic Resources
|d Available Online
|t 0
|e ProQuest Serial Set Number 11014 S.rp.922
|h Other scheme
|
| 998 |
f |
f |
|a ProQuest Serial Set Number 11014 S.rp.922
|t 0
|l Available Online
|